Practice of generalist social work (Record no. 12363)

MARC details
000 -LEADER
fixed length control field 00456nam a2200169Ia 4500
008 - FIXED-LENGTH DATA ELEMENTS--GENERAL INFORMATION
fixed length control field 230917s9999||||xx |||||||||||||| ||und||
020 ## - ISBN
Price RS1195
040 ## - CATALOGING SOURCE
-- 219395
Original cataloging agency VIVEKANANDA LIBRARY
041 ## - Language
-- English
082 ## - DDC NUMBER
Classification number 361.32 B534P
100 ## - MAIN ENTRY--PERSONAL NAME
Personal name Birkenmaier, Julie
245 #0 - TITLE STATEMENT
Title Practice of generalist social work
260 ## - PUBLICATION, DISTRIBUTION, ETC. (IMPRINT)
Place of publication, distribution, etc New York
Name of publisher, distributor, etc Routledge
Date of publication, distribution, etc 2012
300 ## - PHYSICAL DESCRIPTION
Pages xxxvi, 459 p.
500 ## - GENERAL NOTE
General note 1657 05/11/2014 HBD15/6172 20/12/2014 Main Budget
942 ## - ADDED ENTRY ELEMENTS (KOHA)
Koha item type Books
Holdings
Withdrawn status Lost status Damaged status Not for loan Location (home branch) Sublocation or collection (holding branch) Date acquired Koha issues (times borrowed) Koha full call number Accession No. Koha date last seen Koha item type
        VIVEKANANDA LIBRARY VIVEKANANDA LIBRARY 28/12/2015   361.32 B534P 339244 17/09/2023 Books
© Designed and Maintained by Vivekananda Library, MDU Rohtak